[Event "Niedersachsen-ch op C"]
[Site "Verden"]
[Date "2019.01.04"]
[Round "4"]
[White "Froehlich, Dennis"]
[Black "Evering, Kira"]
[Result "1/2-1/2"]
[WhiteElo "1022"]
[BlackElo "1385"]
[PlyCount "39"]
[EventDate "2019.01.03"]
[EventType "swiss"]
[EventRounds "7"]
[EventCountry "GER"]
[SourceTitle "EXT 2022"]
[Source "ChessBase"]
[SourceDate "2021.10.06"]
[SourceVersion "1"]
[SourceVersionDate "2021.10.06"]
[SourceQuality "1"]

1. d4 Nf6 2. e3 g6 3. Nf3 Bg7 4. Be2 d6 5. 0-0 0-0 6. Nbd2 c5 7. c3 Nc6 8. Ng5 e5 9. Nge4 Nxe4 10. Nxe4 cxd4 11. exd4 exd4 12. Bg5 f6 13. Bf4 dxc3 14. Nxc3 Ne5 15. Qd5+ Kh8 16. Nb5 Qe7 17. Nxd6 Nf7 18. Rfe1 Nxd6 19. Bxd6 Qf7 20. Qxf7 1/2-1/2

[Event "Niedersachsen-ch op C"]
[Site "Verden"]
[Date "2019.01.03"]
[Round "2"]
[White "Froehlich, Dennis"]
[Black "Ahlers, Quentin"]
[Result "1-0"]
[WhiteElo "1022"]
[BlackElo "1229"]
[PlyCount "23"]
[EventDate "2019.01.03"]
[EventType "swiss"]
[EventRounds "7"]
[EventCountry "GER"]
[SourceTitle "EXT 2022"]
[Source "ChessBase"]
[SourceDate "2021.10.06"]
[SourceVersion "1"]
[SourceVersionDate "2021.10.06"]
[SourceQuality "1"]

1. d4 f5 2. e3 d5 3. Nf3 Nc6 4. Bb5 Bd7 5. Bxc6 Bxc6 6. Nc3 e6 7. Ne5 Bd7 8. Qh5+ g6 9. Nxg6 hxg6 10. Qxh8 Nh6 11. e4 dxe4 12. Bxh6 1-0